Terminología forestal (Record no. 111356)
[ view plain ]
| 000 -LEADER | |
|---|---|
| campo de control de longitud fija | 00900nam a2200193 4500 |
| 001 - NÚMERO DE CONTROL | |
| campo de control | 111356 |
| 003 - IDENTIFICADOR DE NÚMERO DE CONTROL | |
| campo de control | ES-MaACL |
| 005 - FECHA Y HORA DE LA ÚLTIMA TRANSACCIÓN | |
| campo de control | 20230906185304.0 |
| 007 - CAMPO FIJO DE DESCRIPCIÓN FÍSICA--INFORMACIÓN GENERAL | |
| campo de control de longitud fija | t| |
| 008 - DATOS DE LONGITUD FIJA--INFORMACIÓN GENERAL | |
| campo de control de longitud fija | 061121s1968 sp r ||||1| eng d |
| 100 1# - ENTRADA PRINCIPAL--NOMBRE DE PERSONA | |
| Nombre de persona | Neira, Manuel. |
| 9 (RLIN) | 85342 |
| 245 10 - MENCIÓN DEL TÍTULO | |
| Título | Terminología forestal |
| Resto del título | : Spanish contribution to multilingual forest terminology. With ibero-american terms. Projet nº E 25-FS 23 Department of Agriculture Washington / |
| Mención de responsabilidad, etc. | Manuel Neira, Florentino Martínez Mata. |
| 260 ## - PUBLICACIÓN, DISTRIBUCIÓN, ETC. | |
| Lugar de publicación, distribución, etc. | Madrid : |
| Nombre del editor, distribuidor, etc. | Instituto Forestal de Investigaciones y Experiencias. Ministerio de Agricultura. Dirección General de Montes, Caza y Pesca Fluvial, |
| Fecha de publicación, distribución, etc. | 1968. |
| 300 ## - DESCRIPCIÓN FÍSICA | |
| Extensión | X, 395 p., 7 lám. : |
| Otras características físicas | il. ; |
| Dimensiones | 25 cm. |
| 500 ## - NOTA GENERAL | |
| Nota general | Texto en español e inglés. |
| 700 1# - ENTRADA AGREGADA--NOMBRE PERSONAL | |
| Nombre de persona | Martínez Mata, Florentino. |
| 9 (RLIN) | 78219 |
| 710 2# - ENTRADA AGREGADA--NOMBRE DE ENTIDAD CORPORATIVA | |
| Nombre de entidad corporativa o nombre de jurisdicción como elemento de entrada | Instituto Forestal de Investigaciones y Experiencias. |
| 9 (RLIN) | 5059 |
| 852 ## - LOCALIZACIÓN | |
| Ubicación | ES-MaACL |
| Número de control de estantería | G-4036 |
| Sublocalización o colección | R.66850 |
| Estatus retirado | Estado de pérdida | Estado de daño | No para préstamo | Biblioteca de origen | Biblioteca actual | Ubicación en estantería | Fecha de adquisición | Fuente de adquisición | Total de préstamos | Signatura topográfica completa | Código de barras | Visto por última vez | Precio de reemplazo | Tipo de ítem Koha |
|---|---|---|---|---|---|---|---|---|---|---|---|---|---|---|
| Biblioteca del Ateneo de Madrid | Biblioteca del Ateneo de Madrid | Depósito 2 | 17/01/2008 | G-4036 | 1116175 | 23/02/2023 | 23/02/2023 | Libro impreso |
